| 000 | 01171nam a2200361 i 4500 | ||
|---|---|---|---|
| 001 | 34023 | ||
| 003 | KOSZ 005 | ||
| 005 | 20191007104311.0 | ||
| 008 | 981008s1998 pl a |001 0 pol d | ||
| 015 | _aPB 1998/13133 | ||
| 020 | _a8387286532 | ||
| 035 | _a(OCoLC)749957756 | ||
| 040 |
_aWA N _cWA N _dKOSZ 005/HR |
||
| 041 | 1 |
_apol _heng |
|
| 046 | _k1998 | ||
| 080 | _a659.4 | ||
| 100 | 1 |
_aBlack, Sam. _eAutor |
|
| 245 | 1 | 0 |
_aPublic relations / _cSam Black ; przeł. [z ang.] Iwona Chlewińska. |
| 246 | 1 |
_iTyt. oryg.: _aEssentials of public relations. |
|
| 260 |
_aWarszawa : _b"ABC", _c1998. |
||
| 300 |
_a211, [1] s. : _bil. ; _c24 cm. |
||
| 380 | _aKsiążki. | ||
| 388 | _a1901-2000 | ||
| 490 | 1 | _aStrategie Sukcesu. | |
| 500 | _aTyt. oryg.: "The essentials of public relations" 1993. | ||
| 504 | _aBibliogr. s. 205. - Indeks. | ||
| 658 | _aMedia i komunikacja społeczna | ||
| 650 | 4 | _aPublic relations | |
| 700 | 1 |
_aChlewińska, Iwona. _eTłumaczenie |
|
| 830 | 0 | _aStrategie Sukcesu. | |
| 856 |
_uhttp://koha.tu.koszalin.pl/cgi-bin/koha/opac-detail.pl?biblionumber=34023 _yKatalog online BPK |
||
| 942 |
_2UKD _cKS |
||
| 999 |
_c34023 _d34023 |
||